Artistes de la scène électronique française - Statistiques

Statistiques générales
  • Ce quiz a été pris 82 fois
  • Le résultat moyen est 6 sur 14
Statistiques - réponses
Définition Artistes % Correct
Ont composés leur premier album entièrement chez eux Daft punk
82%
Auteur de l'hymne pour l'Euro de football en 2016, avec la chanteuse suédoise Zara Larsson David Guetta
75%
A tourné, avec la présence de Novak Djokovic et de Gael Monfils, le clip de son titre "Hello" sur le court principal de Roland-Garros Martin Solveig
66%
Fait honneur à ses origines en implantant des rythmes venant du Maghreb dans beaucoup de ses titres DJ Snake
62%
A composé la musique phare de la bande originale du film Drive de Nicolas Winding Refn Kavinsky
53%
Sa carrière est propulsée par le remix d'un titre du groupe australien Cookin' on 3 Burners Kungs
43%
Peut être représenté par une mascotte d'ours jaune appelée Flat Eric Mr Oizo
40%
Elu "révélation de l'année" en 2015 avec son titre "Goodbye" au succès international Feder
35%
Il sort son premier album,"Presence", le jour de ses 18 ans Petit Biscuit
32%
Nom de scène inspiré du film "Le Magnifique" avec Jean-Paul Belmondo Bob sinclar
31%
Son titre "Fade out line" devient disque de platine dans plusieurs pays d'europe The Avener
29%
Effectuent des collages de voix mythiques de la francophonie sur des remix de musiques contemporaines Bon Entendeur
26%
Deviens, en 2022, le groupe français le plus écouté au monde sur les plateformes de streaming Ofenbach
24%
Créé, avec ses musiques, des images exotiques contrastant avec ses origines Normandes Fakear
4%
Aucun quiz correspondant
Distribution des résultats
% des personnes avec chaque résultat
Percentile par nombre de réponses
Votre historique - résultats
Vous n’avez pas pris ce quiz